000 00503nam a2200217Ia 4500
003 OSt
005 20221005121518.0
006 a|||||r|||| 00| 0
007 ta
008 221004b |||||||| |||| 00| 0 snd d
024 _a7359
037 _cTextual
040 _aCRL
_cCRL
_bsnd
041 _2snd
_asnd
082 _aV2.D, 1593H7
100 _aVaswani
245 0 _aHindu Soorvira
260 _c1947
942 _hV2.D, 1593H7
_cTEXL
_2cc
999 _c1041344
_d1041344